| 000 | 01103cam a22003257a 4500 | ||
|---|---|---|---|
| 003 | CHAP | ||
| 005 | 20220329135723.0 | ||
| 008 | 971013s1984 r 00010 d | ||
| 010 | _a41079 | ||
| 011 | _a42051 | ||
| 035 | _a46178 | ||
| 040 | _cCHAP | ||
| 082 |
_a301.54 _bM6 1984 |
||
| 100 | 0 | 0 |
_aMoya Rubio, Víctor José. _979196 |
| 245 | 1 | 3 | _aLa vivienda indígena de México y del mundo |
| 250 | _a2 ed. | ||
| 260 |
_aMéxico, D.F. : _bUniversidad Nacional Autónoma de México. Coordinación de Humanidades, _c1984 |
||
| 300 |
_a252 p. _b: ilus |
||
| 590 |
_aBATCH-UPD _b10 _c20130110 _lUCH01 _h0012 |
||
| 590 |
_aBATCH-UPD _b10 _c20130110 _lUCH01 _h1337 |
||
| 590 |
_aBATCH-UPD _b10 _c20130409 _lUCH01 _h1950 |
||
| 590 |
_aBATCH-UPD _b10 _c20130410 _lUCH01 _h0840 |
||
| 590 |
_aBATCH-UPD _b10 _c20130914 _lUCH01 _h1039 |
||
| 590 |
_aCONVERSION _b10 _c20130109 _lUCH01 _h1323 |
||
| 650 | 1 | 4 |
_aConstrucciones rurales _xMéxico. _927382 |
| 650 | 1 | 4 |
_aVivienda rural _xMéxico. _9120177 |
| 901 | _aBK | ||
| 942 | _cLIBRO | ||
| 949 |
_a301.54 M6 1984 _bBC _cLIBRO _d33724000289047 _eLIBRO _gI.c/e _h69323 _i46178 _si |
||
| 999 |
_c41079 _d41079 |
||